000 00378nam a22001577a 4500
003 OSt
005 20240405105942.0
008 171003b xxu||||| |||| 00| 0 eng d
020 _a978-0321784070
040 _cSEROSOFT
100 _aULLAMAN,LARRY
245 _aPHP AND MY SQL FOR DYNAMIC WEB SITER
260 _aNOIDA
_bPEARSON
_c2014
300 _a677
942 _2ddc
_c01
_e4TH
999 _c40718
_d40718